[Manual popular de gimnasia de sala médica é higíenica]. (Record no. 164971)
[ view plain ]
| 000 -LEADER | |
|---|---|
| campo de control de longitud fija | 00897nam a22002055i 4500 |
| 001 - NÚMERO DE CONTROL | |
| campo de control | 164971 |
| 003 - IDENTIFICADOR DE NÚMERO DE CONTROL | |
| campo de control | ES-MaACL |
| 005 - FECHA Y HORA DE LA ÚLTIMA TRANSACCIÓN | |
| campo de control | 20251203063033.0 |
| 008 - DATOS DE LONGITUD FIJA--INFORMACIÓN GENERAL | |
| campo de control de longitud fija | 040909s1864 sp a |||| | spa d |
| 040 ## - FUENTE DE CATALOGACIÓN | |
| Centro catalogador/agencia de origen | CAM |
| Lengua de catalogación | spa |
| Centro/agencia transcriptor | CAM |
| 100 1# - ENTRADA PRINCIPAL--NOMBRE DE PERSONA | |
| Nombre de persona | Schreber, Daniel Gottlieb Moritz, |
| Fechas asociadas al nombre | 1808-1861 |
| 9 (RLIN) | 242564 |
| 245 10 - MENCIÓN DEL TÍTULO | |
| Título | [Manual popular de gimnasia de sala médica é higíenica]. |
| 260 ## - PUBLICACIÓN, DISTRIBUCIÓN, ETC. | |
| Lugar de publicación, distribución, etc. | Madrid : |
| Nombre del editor, distribuidor, etc. | [s.n.], |
| Fecha de publicación, distribución, etc. | 1864 ( |
| Fabricante | Imp. de Bailly-Bailliere) |
| 300 ## - DESCRIPCIÓN FÍSICA | |
| Extensión | 166 p. : |
| Otras características físicas | il. ; |
| Dimensiones | 18 cm. |
| 594 ## - Nota al título y mención de responsabilidad | |
| Nota al título y mención de responsabilidad | Tit. tomado de la antep. y autor tomado de otras ediciones. |
| 596 ## - NOTA AL PIE DE IMPRENTA | |
| NOTA AL PIE DE IMPRENTA | Pie de imp. tomado de verso de la antep. |
| 650 #4 - PUNTO DE ACCESO ADICIONAL DE MATERIA--TÉRMINO DE MATERIA | |
| Término de materia o nombre geográfico como elemento de entrada | Gimnasia médica. |
| 9 (RLIN) | 152898 |
| 852 ## - LOCALIZACIÓN | |
| Ubicación | ES-MaACL |
| Número de control de estantería | R-3130 |
| Encuadernación | Olim:D-3205 |
| Nota libre | -- Enc. hol. |
| -- | -- Legado M. de la Fuente |
| condición física | -- Falto de la port. |
| Nota libre | -- Enc. con esta obra 10 p. de Catálago de la Librería de C. Bailly-Bailliere |
| Estatus retirado | Estado de pérdida | Estado de daño | No para préstamo | Colección | Biblioteca de origen | Biblioteca actual | Ubicación en estantería | Fecha de adquisición | Total de préstamos | Signatura topográfica completa | Código de barras | Visto por última vez | Precio de reemplazo | Tipo de ítem Koha |
|---|---|---|---|---|---|---|---|---|---|---|---|---|---|---|
| Libros del s. XIX | Biblioteca del Ateneo de Madrid | Biblioteca del Ateneo de Madrid | Depósito | 17/01/2008 | R-3130 | 1172938 | 23/02/2023 | 23/02/2023 | Libro impreso antiguo |
